Political science : (Record no. 17501)
[ view plain ]
| 000 -LEADER | |
|---|---|
| fixed length control field | 00876cam a22002655a 4500 |
| 001 - CONTROL NUMBER | |
| control field | 013821060 |
| 003 - CONTROL NUMBER IDENTIFIER | |
| control field | OSt |
| 005 - DATE AND TIME OF LATEST TRANSACTION | |
| control field | 20201128020949.0 |
| 008 - FIXED-LENGTH DATA ELEMENTS--GENERAL INFORMATION | |
| fixed length control field | 070830t2008 njua frb 001 0 eng d |
| 020 ## - INTERNATIONAL STANDARD BOOK NUMBER | |
| International Standard Book Number | 9780132365420 |
| 020 ## - INTERNATIONAL STANDARD BOOK NUMBER | |
| International Standard Book Number | 0132365421 |
| 040 ## - CATALOGING SOURCE | |
| Original cataloging agency | EG-ScBUE |
| Language of cataloging | eng |
| Transcribing agency | EG-ScBUE |
| Modifying agency | EG-ScBUE |
| 082 04 - DEWEY DECIMAL CLASSIFICATION NUMBER | |
| Classification number | 320 |
| Item number | POL |
| Edition number | 22 |
| 245 00 - TITLE STATEMENT | |
| Title | Political science : |
| Remainder of title | an introduction / |
| Statement of responsibility, etc | Michael G. Roskin ... [et al.] |
| 250 ## - EDITION STATEMENT | |
| Edition statement | 10th ed., Pearson international ed. |
| 260 ## - PUBLICATION, DISTRIBUTION, ETC. (IMPRINT) | |
| Place of publication, distribution, etc | New Jersey : |
| Name of publisher, distributor, etc | Pearson Prentice Hall / Education International, |
| Date of publication, distribution, etc | c.2008. |
| 300 ## - PHYSICAL DESCRIPTION | |
| Extent | xxviii, 427 p. : |
| Other physical details | ill. ; |
| Dimensions | 24 cm. |
| 500 ## - GENERAL NOTE | |
| General note | Previous ed.: 2006. |
| 504 ## - BIBLIOGRAPHY, ETC. NOTE | |
| Bibliography, etc | Includes bibliographical references and index. |
| 650 #7 - SUBJECT ADDED ENTRY--TOPICAL TERM | |
| Topical term or geographic name as entry element | Political science. |
| Source of heading or term | BUEsh |
| 9 (RLIN) | 1313 |
| 651 ## - SUBJECT ADDED ENTRY--GEOGRAPHIC NAME | |
| Source of heading or term | BUEsh |
| 653 ## - INDEX TERM--UNCONTROLLED | |
| Resource For college | BAEPS, Political Science |
| Arrived date list | August2013 |
| -- | December2017 |
| 700 1# - ADDED ENTRY--PERSONAL NAME | |
| Personal name | Roskin, Michael, |
| Dates associated with a name | 1939- |
| 9 (RLIN) | 33432 |
| 942 ## - ADDED ENTRY ELEMENTS (KOHA) | |
| Source of classification or shelving scheme | Dewey Decimal Classification |
| Item type | Book - Borrowing |
| Withdrawn status | Item status | Source of classification or shelving scheme | Damaged status | Not for loan | Vendor | Home library | Current library | Shelving location | Date acquired | Source of acquisition | Total Checkouts | Total Renewals | Full call number | Barcode | Date last seen | Date last borrowed | Koha item type |
|---|---|---|---|---|---|---|---|---|---|---|---|---|---|---|---|---|---|
| Dewey Decimal Classification | Donation-Gift | Central Library | Central Library | First floor | 21/08/2013 | 6 | 6 | 320 POL | 000028817 | 15/07/2025 | 20/02/2017 | Book - Borrowing | |||||
| Dewey Decimal Classification | Baccah | Central Library | Central Library | First floor | 28/11/2016 | Purchase | 3 | 2 | 320 POL | 000006694 | 15/07/2025 | 10/10/2019 | Book - Borrowing | ||||
| Dewey Decimal Classification | Baccah | Central Library | Central Library | First floor | 28/11/2016 | Purchase | 320 POL | 000006693 | 15/07/2025 | NB - Book (Non borrowing) | |||||||
| Dewey Decimal Classification | Central Library | Central Library | First floor | 20/12/2017 | 2 | 8 | 320 POL | 000046958 | 15/07/2025 | 16/12/2019 | Book - Borrowing |